Online Catalogue and eLibrary

Nuraginna (Record no. 5346)

MARC details
000 -LEADER
fixed length control field 00197nam a2200097Ia 4500
008 - FIXED-LENGTH DATA ELEMENTS--GENERAL INFORMATION
fixed length control field 240331s9999 xx 000 0 und d
082 ## - DDC Classification
Item Number - Author Mark JAY
100 ## - MAIN ENTRY--PERSONAL NAME
Personal name Jayakody,J
245 #0 - TITLE STATEMENT
Title Nuraginna
942 ## - Koha item type (Biblio)
Koha item type Books in Stacks (Lending)

No items available.

© WERC Library